| 000 | 00725cab a2200241 4500 | ||
|---|---|---|---|
| 001 | WB3511-48 | ||
| 008 | 090401t1999 xxu||||| |||| 00| 0 eng d | ||
| 035 | _a(Sirsi) u92173 | ||
| 041 | _aeng | ||
| 245 | _aStamp duty fears over Euro plans | ||
| 260 | _c1999 | ||
| 350 | _a0 | ||
| 490 |
_aProperty Week _v64(10) 12 March 1999, 2(1) |
||
| 520 | _aThe Budget, with its increase in stamp duty, brought Britain more into line with Europe. However, it is feared that the higher tax will discourage investment in the UK. | ||
| 650 | _aEUROPE | ||
| 650 | _aINCREASE | ||
| 650 | _aINWARD INVESTMENT | ||
| 650 | _aSTAMP DUTY | ||
| 650 | _aTAX HARMONISATION | ||
| 690 | _aTAXATION | ||
| 942 | _n0 | ||
| 948 | _c17/03/1999 | ||
| 999 |
_c58439 _d58439 |
||